| 000 | 00968nam0a2200301 4500 | ||
|---|---|---|---|
| 001 | RU\NLR\bibl\1376463 | ||
| 005 | 20250615192020.0 | ||
| 010 |
_a978-5-486-02806-9 _97000 |
||
| 021 |
_aRU _b2009-26195 _91558 |
||
| 035 | _a(NLR Aleph) 001368571 | ||
| 090 |
_a1026881 _c1026881 |
||
| 100 | _a20090603d2009 |||y0rusy50 ca | ||
| 101 | 1 |
_arus _cger |
|
| 102 | _aRU | ||
| 105 | _aa ||||||||| | ||
| 200 | 1 |
_aВолшебные свечи _f[ред. Е. Е. Мишакова _gпер. с нем. А. Н. Степановой] |
|
| 210 |
_aМосква _cМир книги _d2009 |
||
| 215 |
_a62, [1] c. _cцв. ил. _d21 |
||
| 225 | 1 | _aПраздничные идеи | |
| 606 | 1 |
_aДекоративные свечи _92590342 _3RU\NLR\auth\661530830 |
|
| 686 | _aЛ782.353.5я9 | ||
| 702 | 1 |
_aМишакова _bЕ. Е. _g340 |
|
| 801 | 0 |
_aRU _bNLR _c20090603 _gRCR |
|
| 801 | 1 |
_aRU _bNLR _c20090603 |
|
| 942 | _cBOOK | ||
| 980 | _aNB | ||